| 000 | 00522nam a22001937a 4500 | ||
|---|---|---|---|
| 003 | MPLRDC | ||
| 005 | 20220104125637.0 | ||
| 008 | 210129b ||||| |||| 00| 0 eng d | ||
| 020 | _a957-13-4381-1 | ||
| 082 | _a874.57 PRO | ||
| 100 | _aANNIE PROULX | ||
| 245 |
_a断背山 _c宋瑛堂 译 |
||
| 250 | _a初版12刷 | ||
| 260 |
_a台湾 _b时报文化出版企业股份有限公司 _c2006 |
||
| 300 | _b292 | ||
| 490 | _a大师名作坊 MASTERPIECE: 94 | ||
| 650 | _a美国文学--小说 | ||
| 942 |
_cBK _o874.57 PRO |
||
| 999 |
_c28999 _d28989 |
||